Kalita Gábor publicista, festőművész jubilál

Bibliographic Details
Main Author: Mach, Betina (Author)
Other Authors: Kalita, Gabriel, 1950- (Illustrator)
Format: Article
Language:Hungarian
Subjects:

MARC

LEADER 00000nab a2200000 a 4500
001 vtls000755231
003 SK-MaSNL
005 20260319074329.0
008 160322c2000 xo 0 hun
015 |a SNBRB2001/03-13279 
035 |a CLN000107018 
040 |a SNKBUCL  |b slo  |c SNKBUCL  |e AACR2 
041 0 |a hun 
044 |a xo  |c SK 
080 |a 75.071.1  |2 UDC-MRF-SK2 
080 |a 07-051  |2 UDC-MRF-SK2 
080 |a 929 Kalita, Gábor  |2 UDC-MRF-SK2 
100 1 |a Mach, Betina  |4 aut  |9 908876 
245 1 0 |a Kalita Gábor publicista, festőművész jubilál  |c Mach Betina ; illusztrálta Kalita Gábor 
300 |b Fotogr., Obr. 
504 |a Biogr. údaje 
600 1 7 |a Kalita, Gabriel,  |d 1950-  |2 snkbucl  |9 109442 
655 7 |a články z novín a časopisov  |2 snkbucl  |9 267496 
700 1 |a Kalita, Gabriel,  |d 1950-  |4 ill  |9 109442 
773 0 |t Atelier  |g Roč. 3, č. 4 (2000), s. 18-19 
850 |a Slovenská národná knižnica v Martine 
852 |a SNK  |b KIS3GCP 
958 |a HU 
958 |a SK 
958 |a BX 
958 |a RBX 
999 |c 1439708  |d 1441638